[Event "FRA-ch op"]
[Site "Nimes"]
[Date "2014.08.25"]
[Round "8"]
[White "Said, Remi"]
[Black "Aggoune, Audessa"]
[Result "1-0"]
[WhiteElo "1765"]
[BlackElo "1724"]
[PlyCount "65"]
[EventDate "2014.08.17"]
[EventType "swiss"]
[EventRounds "11"]
[EventCountry "FRA"]
[SourceTitle "EXT 2015"]
[Source "ChessBase"]
[SourceDate "2014.11.20"]
[SourceVersion "1"]
[SourceVersionDate "2014.11.20"]
[SourceQuality "1"]

1. d4 d5 2. Nf3 Nf6 3. e3 c6 4. Bd3 e6 5. b3 Nbd7 6. Bb2 Bd6 7. Nbd2 c5 8. Ne5 0-0 9. f4 a6 10. a4 Rb8 11. 0-0 Qc7 12. Rf3 b5 13. axb5 axb5 14. Ba3 c4 15. Bxd6 Qxd6 16. Bf1 Ba6 17. Rh3 Ra8 18. g4 g6 19. Qe1 Kg7 20. Qh4 Rh8 21. Qh6+ Kg8 22. Ndf3 Qf8 23. Qh4 Kg7 24. g5 Nh5 25. Nxd7 Qb4 26. Nf6 Qc3 27. Nxh5+ gxh5 28. Re1 Qxc2 29. bxc4 dxc4 30. Ne5 c3 31. Qxh5 Qf5 32. Qh6+ Kg8 33. Nd7 1-0

[Event "FRA-ch U14 Girls"]
[Site "Aix les Bains"]
[Date "2009.04.23"]
[Round "6"]
[White "Aggoune, Audessa"]
[Black "Rigolot, Lucie"]
[Result "0-1"]
[WhiteElo "1570"]
[BlackElo "1831"]
[PlyCount "130"]
[EventDate "2009.04.19"]
[EventType "swiss"]
[EventRounds "9"]
[EventCountry "FRA"]
[SourceTitle "CBM 130 Extra"]
[Source "ChessBase"]
[SourceDate "2009.07.02"]
[SourceVersion "2"]
[SourceVersionDate "2009.07.15"]
[SourceQuality "1"]

1. Nf3 d5 2. d4 e6 3. Bg5 Nf6 4. Nbd2 Nbd7 5. e4 h6 6. Bxf6 Nxf6 7. Bd3 c5 8. c3 cxd4 9. Qa4+ Bd7 10. Qxd4 Qc7 11. exd5 Bc5 12. Qh4 Nxd5 13. Ne4 Be7 14. Qg3 Qxg3 15. hxg3 0-0-0 16. Ne5 Be8 17. 0-0-0 f6 18. Nf3 Bf7 19. Bc4 Nb6 20. Bb3 Rxd1+ 21. Rxd1 Rd8 22. Nd4 Nd5 23. Re1 e5 24. Nf3 b5 25. Nh4 Be8 26. Rd1 Nb6 27. Nf5 Rxd1+ 28. Kxd1 Bf8 29. Nfd6+ Kd8 30. Nxe8 Kxe8 31. Kc2 Kd7 32. Bg8 Kc6 33. Kd3 Na4 34. b3 Nc5+ 35. Nxc5 Bxc5 36. f3 f5 37. Bh7 f4 38. gxf4 exf4 39. c4 bxc4+ 40. Kxc4 Kd6 41. Bg6 Be3 42. Kd3 Kc5 43. Kc3 Bd4+ 44. Kc2 Ba1 45. a4 Kd4 46. Bf5 Ke3 47. Bg4 Kf2 48. Bh3 h5 49. Kd3 Bf6 50. Ke4 g5 51. Kf5 Bd8 52. Kg6 g4 53. fxg4 hxg4 54. Bxg4 Kxg2 55. Kf5 Kg3 56. Bd1 f3 57. Bxf3 Kxf3 58. Ke5 Ke3 59. Kd5 Kd3 60. Kc5 Kc3 61. Kb5 a5 62. Kc5 Kxb3 63. Kb5 Ka3 64. Kc5 Kxa4 65. Kc4 Be7 0-1

[Event "FRA-ch U14 Girls"]
[Site "Aix les Bains"]
[Date "2009.04.20"]
[Round "2"]
[White "Aggoune, Audessa"]
[Black "Griggio, Julie"]
[Result "0-1"]
[WhiteElo "1570"]
[BlackElo "1807"]
[PlyCount "92"]
[EventDate "2009.04.19"]
[EventType "swiss"]
[EventRounds "9"]
[EventCountry "FRA"]
[SourceTitle "CBM 130 Extra"]
[Source "ChessBase"]
[SourceDate "2009.07.02"]
[SourceVersion "2"]
[SourceVersionDate "2009.07.15"]
[SourceQuality "1"]

1. d4 Nf6 2. Nf3 g6 3. Bg5 Bg7 4. Nbd2 0-0 5. e3 d6 6. Bd3 Nbd7 7. 0-0 h6 8. Bh4 c5 9. c3 a6 10. a4 Re8 11. Qb3 e6 12. Ne4 g5 13. Bg3 Nxe4 14. Bxe4 Nf6 15. Bc2 Nh5 16. Nd2 Nxg3 17. fxg3 Qc7 18. Nc4 b5 19. axb5 Rb8 20. b6 Qc6 21. Qa4 Qxa4 22. Rxa4 cxd4 23. Nxd6 Rd8 24. Nxc8 Rdxc8 25. Rxa6 dxc3 26. bxc3 Rxc3 27. Be4 Rxe3 28. Ra8 Rxa8 29. Bxa8 Bd4 30. b7 Rb3+ 31. Kh1 Be5 32. Rc1 Kg7 33. Kg1 Rb2 34. Kf1 h5 35. b8Q Bxb8 36. Bc6 h4 37. gxh4 gxh4 38. h3 Bg3 39. Rd1 Kg6 40. Rd7 Rf2+ 41. Kg1 Rb2 42. Kf1 f5 43. Re7 Kf6 44. Re8 Rf2+ 45. Kg1 Re2 46. Kf1 Re1# 0-1

[Event "FRA-ch U12 Girls"]
[Site "Le Grand Bornand"]
[Date "2007.04.??"]
[Round "3"]
[White "Aggoune, Audessa"]
[Black "Costa, Elodie"]
[Result "1-0"]
[WhiteElo "1620"]
[BlackElo "1490"]
[PlyCount "67"]
[EventDate "2007.04.07"]
[EventType "swiss"]
[EventRounds "9"]
[EventCountry "FRA"]
[SourceTitle "CBM 118 Extra"]
[Source "ChessBase"]
[SourceDate "2007.07.04"]
[SourceVersion "1"]
[SourceVersionDate "2007.07.04"]
[SourceQuality "1"]

1. d4 d5 2. c4 dxc4 3. Nc3 Nf6 4. Nf3 Nc6 5. Bf4 Bg4 6. e3 e6 7. Bxc4 Bb4 8. 0-0 0-0 9. a3 Bd6 10. Bg3 Bxg3 11. hxg3 Re8 12. b4 e5 13. Qb3 Qd7 14. d5 Nb8 15. e4 c6 16. b5 a6 17. dxc6 bxc6 18. a4 axb5 19. axb5 Rxa1 20. Rxa1 cxb5 21. Bxb5 Nc6 22. Ra6 Bxf3 23. Rxc6 Rb8 24. gxf3 Qd2 25. Qc4 Qd8 26. Rc7 Qf8 27. Ba6 h6 28. Rc8 Rxc8 29. Qxc8 Qxc8 30. Bxc8 Kf8 31. f4 exf4 32. gxf4 Ke7 33. Kg2 Kd6 34. e5+ 1-0

[Event "FRA-ch U12 Girls"]
[Site "Le Grand Bornand"]
[Date "2007.04.??"]
[Round "2"]
[White "Mencacci, Floriane"]
[Black "Aggoune, Audessa"]
[Result "1/2-1/2"]
[WhiteElo "1470"]
[BlackElo "1620"]
[PlyCount "65"]
[EventDate "2007.04.07"]
[EventType "swiss"]
[EventRounds "9"]
[EventCountry "FRA"]
[SourceTitle "CBM 118 Extra"]
[Source "ChessBase"]
[SourceDate "2007.07.04"]
[SourceVersion "1"]
[SourceVersionDate "2007.07.04"]
[SourceQuality "1"]

1. e4 d5 2. exd5 Qxd5 3. Nc3 Qd6 4. Bc4 Nf6 5. Nf3 a6 6. 0-0 e6 7. d3 Nbd7 8. Re1 Be7 9. Ne4 Nxe4 10. dxe4 e5 11. Qxd6 cxd6 12. Bg5 b5 13. Bb3 h6 14. Bxe7 Kxe7 15. c4 Nc5 16. cxb5 axb5 17. Bc2 Bb7 18. b4 Ne6 19. Nd2 Rhc8 20. Bb3 Rc3 21. Rec1 Rac8 22. Rxc3 Rxc3 23. h3 Nd4 24. f3 Rd3 25. Rd1 Ne2+ 26. Kf2 Nc3 27. Rc1 Rxd2+ 28. Ke1 Re2+ 29. Kf1 Re3 30. Kf2 Re2+ 31. Kf1 Re3 32. Kf2 Re2+ 33. Kf1 1/2-1/2

[Event "FRA-ch U12 Girls"]
[Site "Aix les Bains"]
[Date "2006.??.??"]
[Round "8"]
[White "Aggoune, Audessa"]
[Black "Aflalo, Sophie"]
[Result "0-1"]
[WhiteElo "1610"]
[BlackElo "1953"]
[PlyCount "66"]
[EventDate "2006.04.16"]
[EventType "swiss"]
[EventRounds "9"]
[EventCountry "FRA"]
[SourceTitle "EXT 2007"]
[Source "ChessBase"]
[SourceDate "2006.11.23"]
[SourceVersion "1"]
[SourceVersionDate "2006.11.23"]
[SourceQuality "1"]

1. d4 Nf6 2. c4 g6 3. Nf3 Bg7 4. Nc3 0-0 5. Bf4 d6 6. e3 c6 7. Be2 a6 8. a4 a5 9. 0-0 Na6 10. Qd2 Nb4 11. Bd3 Nd7 12. Rfd1 e5 13. dxe5 dxe5 14. Bg3 Nc5 15. Bb1 Qxd2 16. Rxd2 Nb3 17. Ra3 Nxd2 18. Nxd2 Be6 19. b3 e4 20. Na2 Bb2 21. Nxb4 Bxa3 22. Nc2 Rad8 23. Nxa3 Rxd2 24. h3 Rb2 25. Bxe4 Rxb3 26. Nb1 Rd8 27. Be5 Rxb1+ 28. Bxb1 Rd1+ 29. Kh2 Rxb1 30. c5 Rb4 31. Bd4 Rxa4 32. Bc3 Rc4 33. Bd4 Rxd4 0-1

[Event "Marseille Hiver op"]
[Site "Marseille"]
[Date "2005.12.28"]
[Round "4"]
[White "D'Elia, Anthony"]
[Black "Aggoune, Audessa"]
[Result "1-0"]
[WhiteElo "1827"]
[BlackElo "1630"]
[PlyCount "45"]
[EventDate "2005.12.27"]
[EventType "swiss"]
[EventRounds "9"]
[EventCountry "FRA"]
[SourceTitle "CBM 110 Extra"]
[Source "ChessBase"]
[SourceDate "2006.03.10"]
[SourceVersion "2"]
[SourceVersionDate "2006.03.10"]
[SourceQuality "1"]

1. d4 d5 2. Nf3 Bg4 3. c4 c6 4. Nc3 Nf6 5. Bf4 e6 6. e3 Bb4 7. a3 Bxc3+ 8. bxc3 Qa5 9. Qb3 Qb6 10. Rb1 Nbd7 11. Bd3 Qxb3 12. Rxb3 Nb6 13. c5 Na4 14. Kd2 b5 15. Ne5 Rc8 16. Nxc6 a6 17. Nb4 Ra8 18. Nxa6 0-0 19. f3 Bf5 20. Bxb5 h6 21. Rb4 Nd7 22. Bxd7 Rxa6 23. Bxa4 1-0

[Event "Wch U10 Girls"]
[Site "Belfort"]
[Date "2005.07.22"]
[Round "4"]
[White "Galunova, Tsveta"]
[Black "Aggoune, Audessa"]
[Result "1-0"]
[WhiteElo "1599"]
[BlackElo "1599"]
[PlyCount "113"]
[EventDate "2005.07.??"]
[EventType "swiss"]
[EventRounds "11"]
[EventCountry "FRA"]
[SourceTitle "CBM 107 Extra"]
[Source "ChessBase"]
[SourceDate "2005.09.01"]
[SourceVersion "1"]
[SourceVersionDate "2005.09.01"]
[SourceQuality "1"]

1. Nf3 d5 2. g3 Nf6 3. Bg2 Nc6 4. 0-0 Bg4 5. d3 e6 6. c4 Be7 7. Nbd2 0-0 8. b3 Qd6 9. Bb2 Rfd8 10. Rc1 Rac8 11. a3 a5 12. h3 Bf5 13. Nh4 Bg6 14. Nxg6 hxg6 15. c5 Qd7 16. d4 b6 17. Qe1 Ne4 18. Nxe4 dxe4 19. e3 f5 20. Qc3 Bf6 21. Rfd1 Ne7 22. f3 Nd5 23. Qe1 exf3 24. Bxf3 Bg5 25. Rd3 Qb5 26. Rcd1 bxc5 27. a4 Qb4 28. Bxd5 Qxe1+ 29. Rxe1 Rxd5 30. h4 Bf6 31. Red1 Rcd8 32. Bc3 cxd4 33. exd4 e5 34. Ba1 exd4 35. Rc1 c5 36. Kf2 Kf7 37. Bb2 Be5 38. Ba3 Rc8 39. Kf3 Bd6 40. Bb2 Rc7 41. Kf2 Re5 42. Rc2 Re3 43. Rxe3 dxe3+ 44. Kxe3 Bxg3 45. Rc4 f4+ 46. Kf3 Re7 47. Rxc5 Re3+ 48. Kg4 Rxb3 49. Rc7+ Ke8 50. Bxg7 Rb4 51. Rc6 Rxa4 52. Rxg6 Ra1 53. Bxa1 a4 54. Ra6 f3 55. Kxg3 a3 56. Kxf3 a2 57. Rxa2 1-0

[Event "FRA-chT U20 0405"]
[Site "Lyon"]
[Date "2004.12.19"]
[Round "6.10"]
[White "Aggoune, Audessa"]
[Black "Paci, Nicolas"]
[Result "0-1"]
[WhiteElo "1230"]
[BlackElo "1510"]
[PlyCount "40"]
[EventDate "2004.11.??"]
[EventType "team"]
[EventRounds "7"]
[EventCountry "FRA"]
[SourceTitle "EXT 2006"]
[Source "ChessBase"]
[SourceDate "2005.11.24"]
[SourceVersion "1"]
[SourceVersionDate "2005.11.24"]
[SourceQuality "1"]
[WhiteTeam "Marseille Duchamps"]
[BlackTeam "Mulhouse"]
[WhiteTeamCountry "FRA"]
[BlackTeamCountry "FRA"]

1. d4 d5 2. c4 e6 3. Nc3 Nf6 4. Nf3 Be7 5. Bg5 0-0 6. e3 b6 7. Be2 dxc4 8. Bxc4 Bb7 9. 0-0 Nbd7 10. Rc1 c5 11. Re1 Rc8 12. e4 h6 13. Bh4 a6 14. e5 Nd5 15. Nxd5 exd5 16. Be2 Bxh4 17. g3 Bg5 18. Nxg5 Qxg5 19. Qc2 cxd4 20. Qa4 Rxc1 0-1

[Event "FRA-chT U20 0405"]
[Site "Lyon"]
[Date "2004.12.19"]
[Round "6.8"]
[White "Antonnucci, Nicolas"]
[Black "Aggoune, Audessa"]
[Result "1-0"]
[WhiteElo "1520"]
[BlackElo "1230"]
[PlyCount "119"]
[EventDate "2004.11.??"]
[EventType "team"]
[EventRounds "7"]
[EventCountry "FRA"]
[SourceTitle "EXT 2006"]
[Source "ChessBase"]
[SourceDate "2005.11.24"]
[SourceVersion "1"]
[SourceVersionDate "2005.11.24"]
[SourceQuality "1"]
[WhiteTeam "Mulhouse"]
[BlackTeam "Marseille Duchamps"]
[WhiteTeamCountry "FRA"]
[BlackTeamCountry "FRA"]

1. e4 d5 2. exd5 Qxd5 3. Nc3 Qa5 4. Nf3 Nf6 5. Bc4 c6 6. 0-0 Bg4 7. h3 Bh5 8. d3 e6 9. Bd2 Be7 10. Nd5 Qd8 11. Nxe7 Qxe7 12. a3 0-0 13. Bb4 c5 14. Bc3 Nbd7 15. Qe2 Rac8 16. Qe3 b6 17. Qf4 Rfe8 18. Bb5 Red8 19. Ba6 Rb8 20. Qg5 Bxf3 21. gxf3 h6 22. Qg2 Qd6 23. Bb5 Qe7 24. Kh1 g5 25. Rg1 Nd5 26. Bd2 f6 27. f4 Kf8 28. fxg5 fxg5 29. h4 Rbc8 30. hxg5 hxg5 31. Bxd7 Qxd7 32. Qf3+ Qf7 33. Qg3 Qg6 34. Qf3+ Qf5 35. Qxf5+ exf5 36. Rxg5 Ke7 37. Re1+ Kf6 38. Kg1 Rh8 39. c4 Ne7 40. f4 Rh7 41. Re5 Rch8 42. Kf2 Rh2+ 43. Rg2 R8h3 44. b4 cxb4 45. Bxb4 Nc6 46. Rb5 Nd4 47. Rd5 Rf3+ 48. Kg1 Rxg2+ 49. Kxg2 Rxd3 50. Rd6+ Kf7 51. Rd7+ Kg8 52. Rxa7 Nc6 53. Rb7 Nxb4 54. axb4 Rc3 55. Rxb6 Rxc4 56. Kg3 Rc3+ 57. Kh4 Rc7 58. Kg5 Rf7 59. Rg6+ Kf8 60. Rf6 1-0